[Event "Thueringen-ch HT"]
[Site "Finsterbergen"]
[Date "2000.04.22"]
[Round "6"]
[White "Boehl, Dietmar"]
[Black "Peil, Joerg"]
[Result "1-0"]
[WhiteElo "1800"]
[BlackElo "1817"]
[PlyCount "91"]
[EventDate "2000.05.??"]
[EventType "swiss"]
[EventRounds "9"]
[EventCountry "GER"]
[SourceTitle "EXT 2005"]
[Source "ChessBase"]
[SourceDate "2004.11.15"]
[SourceVersion "1"]
[SourceVersionDate "2004.11.15"]
[SourceQuality "1"]

1. e4 g6 2. d4 Bg7 3. Nf3 d6 4. Bf4 Nf6 5. Nc3 b6 6. Bc4 Bb7 7. Qe2 Nh5 8. Be3 c5 9. 0-0-0 cxd4 10. Bxd4 0-0 11. Bxg7 Nxg7 12. e5 Nc6 13. Ne4 Na5 14. Bd5 Ne8 15. h4 Bxd5 16. Rxd5 e6 17. Rxd6 Nxd6 18. Nxd6 h6 19. Qe3 Kg7 20. g4 Qe7 21. g5 h5 22. Qe4 Rab8 23. Rd1 Nb7 24. Qd4 Kg8 25. Nd2 Qc7 26. N2e4 Kg7 27. Nf6 Ra8 28. Qf4 Nc5 29. Kb1 a6 30. Rg1 Rh8 31. Qf3 Rab8 32. Rd1 a5 33. a3 Qe7 34. Qc6 Rhd8 35. Rd4 Nb7 36. Qxb6 Nxd6 37. exd6 Qb7 38. Qxb7 Rxb7 39. d7 Kf8 40. c4 Ke7 41. c5 Rbxd7 42. Rxd7+ Rxd7 43. Nxd7 Kxd7 44. b4 f6 45. gxf6 g5 46. c6+ 1-0

[Event "Thueringen-ch HT"]
[Site "Finsterbergen"]
[Date "2000.04.19"]
[Round "1"]
[White "Rudnizki, Sergej"]
[Black "Boehl, Dietmar"]
[Result "1-0"]
[WhiteElo "1975"]
[BlackElo "1800"]
[PlyCount "45"]
[EventDate "2000.05.??"]
[EventType "swiss"]
[EventRounds "9"]
[EventCountry "GER"]
[SourceTitle "EXT 2005"]
[Source "ChessBase"]
[SourceDate "2004.11.15"]
[SourceVersion "1"]
[SourceVersionDate "2004.11.15"]
[SourceQuality "1"]

1. e4 c5 2. Nf3 d6 3. d4 cxd4 4. Nxd4 Nf6 5. Nc3 g6 6. Be3 Bg7 7. f3 Nc6 8. Qd2 0-0 9. 0-0-0 Bd7 10. Kb1 Rc8 11. g4 Re8 12. h4 Ne5 13. h5 a6 14. hxg6 fxg6 15. Nd5 e6 16. Nxf6+ Bxf6 17. Be2 Nf7 18. Nb3 Re7 19. f4 Qc7 20. Bd3 e5 21. g5 exf4 22. gxf6 fxe3 23. Qh2 1-0